Sports Quiz

Random Sports or State Quiz
Score 0/10 Timer 03:00
0 Plays Today
Bowl Team % Correct
2012 Idaho Potato BowlToledo
78.6%
2015 Idaho Potato BowlAkron
73.3%
2011 Idaho Potato BowlOhio
67.9%
2013 Poinsettia BowlNorthern Illinois
67.9%
2014 New Mexico BowlTexas-El Paso
67.9%
1947 Raisin BowlSan Jose St.
46.4%
1960 Sun BowlNew Mexico St.
46.4%
1993 Las Vegas BowlBall St.
46.4%
1961 Gotham BowlBaylor
35.7%
1997 Humanitarian BowlCincinnati
32.1%
Remove Ads.
Support Sporcle.
Get the best of Sporcle when you Go Orange. This ad-free experience offers more features, more stats, and more fun while also helping to support Sporcle. Thank you for becoming a member.

You're not logged in!

Compare scores with friends on all Sporcle quizzes.
OR
Log In

Show Comments

Extras

Top Quizzes Today


Score Distribution

Your Account Isn't Verified!

In order to create a playlist on Sporcle, you need to verify the email address you used during registration. Go to your Sporcle Settings to finish the process.

Report this User

Report this user for behavior that violates our Community Guidelines.

Details: